[Event "SRB-chT 2nd League"]
[Site "Novi Sad"]
[Date "2023.11.06"]
[Round "7.5"]
[White "Levnajic, Pavle"]
[Black "Kecskemeti, Arpad"]
[Result "1/2-1/2"]
[WhiteElo "2160"]
[BlackElo "2193"]
[PlyCount "77"]
[EventDate "2023.11.02"]
[EventType "team-tourn"]
[EventRounds "11"]
[EventCountry "SRB"]
[SourceTitle "CB46_2023"]
[SourceDate "2023.11.15"]
[SourceVersion "1"]
[SourceVersionDate "2023.11.15"]
[SourceQuality "1"]
[WhiteTeam "Krajisnik Krajina"]
[BlackTeam "Lajos Segi Bajsa"]
[WhiteTeamCountry "SRB"]
[BlackTeamCountry "SRB"]

1. d4 Nf6 2. Nf3 g6 3. Nbd2 Bg7 4. e4 d6 5. Bc4 0-0 6. Qe2 Nc6 7. c3 e5 8. d5 Ne7 9. Bb3 Nd7 10. c4 f5 11. Bc2 a5 12. b3 Nc5 13. Bb2 Bh6 14. h3 f4 15. 0-0-0 a4 16. b4 a3 17. Bc3 Na4 18. Bxa4 Rxa4 19. Nb3 Bd7 20. Kb1 Bg7 21. Rc1 c6 22. Rc2 cxd5 23. cxd5 Qb6 24. Rhc1 Bb5 25. Qd1 Qa6 26. Rd2 Rc8 27. Ng5 Bh6 28. Qg4 Bxg5 29. Qxg5 Kf7 30. f3 Bd3+ 31. Ka1 h5 32. Qh4 Qb5 33. Qe1 Raa8 34. Qd1 Bc4 35. Na5 g5 36. Rdc2 Bd3 37. Rd2 Bc4 38. Rdc2 Bd3 39. Rd2 1/2-1/2

[Event "SRB-chT 2nd League"]
[Site "Novi Sad"]
[Date "2023.11.03"]
[Round "2.6"]
[White "Leskovac, Nikola"]
[Black "Kecskemeti, Arpad"]
[Result "0-1"]
[WhiteElo "1927"]
[BlackElo "2193"]
[PlyCount "78"]
[EventDate "2023.11.02"]
[EventType "team-tourn"]
[EventRounds "11"]
[EventCountry "SRB"]
[SourceTitle "CB46_2023"]
[SourceDate "2023.11.15"]
[SourceVersion "1"]
[SourceVersionDate "2023.11.15"]
[SourceQuality "1"]
[WhiteTeam "Car Uros Jazak"]
[BlackTeam "Lajos Segi Bajsa"]
[WhiteTeamCountry "SRB"]
[BlackTeamCountry "SRB"]

1. e4 c5 2. Nf3 d6 3. d4 cxd4 4. Nxd4 Nf6 5. Nc3 a6 6. f3 e5 7. Nb3 Be6 8. Be3 Be7 9. Qd2 h5 10. 0-0-0 Nbd7 11. Kb1 Qc7 12. Nd5 Bxd5 13. exd5 0-0 14. Be2 a5 15. a4 Nb6 16. Bxb6 Qxb6 17. Bb5 g6 18. Rhe1 Bd8 19. f4 Ng4 20. h3 Nf2 21. Rc1 f5 22. fxe5 Kh7 23. c4 Ne4 24. Rxe4 fxe4 25. c5 dxc5 26. Rxc5 Bh4 27. Qc1 e3 28. d6 Bg5 29. Rc7+ Kh6 30. Qc4 Rf4 31. Qe6 Qxb5 32. axb5 e2 33. Rc1 Rf1 34. Rxf1 exf1Q+ 35. Ka2 Qxb5 36. g3 Rf8 37. h4 Qa4+ 38. Kb1 Rf1+ 39. Kc2 Qe4+ 0-1

[Event "SRB-chT 2nd League"]
[Site "Vrnjacka Banja"]
[Date "2022.11.08"]
[Round "7.5"]
[White "Kecskemeti, Arpad"]
[Black "Petrovic, Aleksa"]
[Result "1-0"]
[WhiteElo "2168"]
[BlackElo "2252"]
[PlyCount "109"]
[EventDate "2022.11.04"]
[EventType "team-tourn"]
[EventRounds "11"]
[EventCountry "SRB"]
[SourceTitle "CBM 211 Extra"]
[Source "ChessBase"]
[SourceDate "2023.01.31"]
[SourceVersion "1"]
[SourceVersionDate "2023.01.31"]
[SourceQuality "1"]
[WhiteTeam "Senta"]
[BlackTeam "Pancevo Gligoric"]
[WhiteTeamCountry "SRB"]
[BlackTeamCountry "SRB"]

1. e4 c5 2. Nf3 e6 3. d4 cxd4 4. Nxd4 a6 5. Nc3 Qc7 6. Bd3 Nf6 7. 0-0 Nc6 8. Be3 b5 9. a3 Bb7 10. h3 Be7 11. Qe2 0-0 12. Kh1 Rac8 13. f4 d6 14. Nf3 Nd7 15. f5 Nde5 16. Bf4 Bf6 17. Rad1 Qe7 18. Qe3 h6 19. Rfe1 Rfe8 20. Qf2 Kh8 21. Rb1 Qf8 22. fxe6 fxe6 23. Ne2 Rc7 24. Qg3 g5 25. Bd2 Rg7 26. Nxe5 Nxe5 27. Rf1 Qe7 28. Bc3 Reg8 29. Qe3 Rg6 30. Rf2 Bc6 31. Rbf1 Be8 32. g3 Bg7 33. Qb6 Kh7 34. Qxa6 Rf6 35. Rxf6 Bxf6 36. Kg2 g4 37. h4 Bxh4 38. Bxe5 dxe5 39. gxh4 g3 40. Qb6 Qxh4 41. Rh1 Qg5 42. Qxe6 Rf8 43. Nxg3 Qg7 44. Rf1 Bd7 45. Qb6 Rg8 46. Qe3 h5 47. Rh1 Bg4 48. Kf2 Rf8+ 49. Nf5 Rf6 50. Be2 Kg8 51. Bxg4 hxg4 52. Kg3 Rxf5 53. exf5 e4 54. Qxe4 Qc7+ 55. Kxg4 1-0

[Event "Paracin op-A 15th"]
[Site "Paracin"]
[Date "2022.07.09"]
[Round "2"]
[White "Aditya, Varun Gampa"]
[Black "Kecskemeti, Arpad"]
[Result "1/2-1/2"]
[WhiteElo "1980"]
[BlackElo "2210"]
[PlyCount "57"]
[EventDate "2022.07.08"]
[EventType "swiss"]
[EventRounds "9"]
[EventCountry "SRB"]
[SourceTitle "EXT 2023"]
[Source "ChessBase"]
[SourceDate "2022.10.05"]
[SourceVersion "1"]
[SourceVersionDate "2022.10.05"]
[SourceQuality "1"]

1. e4 c5 2. Nf3 d6 3. Nc3 Nf6 4. e5 dxe5 5. Nxe5 a6 6. g3 Qc7 7. d4 e6 8. Nc4 cxd4 9. Qxd4 Bc5 10. Qf4 Qc6 11. Rg1 0-0 12. Bg2 Nd5 13. Nxd5 exd5 14. Be3 Qe6 15. 0-0-0 d4 16. Rxd4 Bxd4 17. Bxd4 Qxc4 18. Qe5 f6 19. Bd5+ Kh8 20. Qd6 Qxd5 21. Qxd5 Nc6 22. Bb6 Re8 23. g4 Be6 24. Qh5 Ne5 25. f4 Bf7 26. Qh3 Nc4 27. Bd4 Re4 28. c3 Rae8 29. Qg3 1/2-1/2

[Event "Paracin op-A 15th"]
[Site "Paracin"]
[Date "2022.07.09"]
[Round "3"]
[White "Kecskemeti, Arpad"]
[Black "Vujcic, Milena"]
[Result "1-0"]
[WhiteElo "2210"]
[BlackElo "1987"]
[PlyCount "79"]
[EventDate "2022.07.08"]
[EventType "swiss"]
[EventRounds "9"]
[EventCountry "SRB"]
[SourceTitle "EXT 2023"]
[Source "ChessBase"]
[SourceDate "2022.10.05"]
[SourceVersion "1"]
[SourceVersionDate "2022.10.05"]
[SourceQuality "1"]

1. e4 e5 2. Nf3 Nc6 3. d4 exd4 4. Nxd4 Bc5 5. Nb3 Bb6 6. Nc3 Nf6 7. Qe2 d6 8. Be3 Qe7 9. f3 Be6 10. 0-0-0 0-0-0 11. Bxb6 axb6 12. Nd4 Nxd4 13. Rxd4 Kb8 14. Qe3 c5 15. Rd2 Bd7 16. Bc4 Bc6 17. Rhd1 Kc7 18. Qf4 h6 19. h4 Rhg8 20. h5 Rgf8 21. Qh2 Rd7 22. g4 Ra8 23. Kb1 Ra5 24. a4 Ra8 25. b3 Rf8 26. Qg3 Re8 27. Nb5+ Bxb5 28. Bxb5 Rdd8 29. Bxe8 Nxe8 30. e5 Kc6 31. f4 d5 32. Rxd5 Rxd5 33. Qf3 Nc7 34. c4 Qe6 35. cxd5+ Nxd5 36. Qe4 f6 37. Ka1 fxe5 38. fxe5 Qf7 39. e6 Qf6+ 40. Kb1 1-0

[Event "HUN-chT 2122"]
[Site "Hungary"]
[Date "2022.04.10"]
[Round "9.11"]
[White "Bodi, Tibor"]
[Black "Kecskemeti, Arpad"]
[Result "1-0"]
[WhiteElo "2274"]
[BlackElo "2218"]
[PlyCount "85"]
[EventDate "2021.10.10"]
[EventType "team-tourn"]
[EventRounds "9"]
[EventCountry "HUN"]
[SourceTitle "EXT 2023"]
[Source "ChessBase"]
[SourceDate "2022.10.05"]
[SourceVersion "1"]
[SourceVersionDate "2022.10.05"]
[SourceQuality "1"]
[WhiteTeam "Kobanya Aquarena"]
[BlackTeam "Mako Duocor"]
[WhiteTeamCountry "HUN"]
[BlackTeamCountry "HUN"]

1. Nf3 Nf6 2. g3 g6 3. b3 Bg7 4. Bb2 0-0 5. Bg2 d6 6. d4 Nbd7 7. 0-0 c6 8. Nbd2 Qc7 9. e4 e5 10. dxe5 dxe5 11. Qe2 Re8 12. Rfd1 Nf8 13. Nc4 Bg4 14. a4 Bxf3 15. Bxf3 N6d7 16. Ba3 Ne6 17. Bd6 Qc8 18. c3 b6 19. Ba3 Qc7 20. Nd6 Red8 21. Nc4 Ndc5 22. Qc2 Rxd1+ 23. Rxd1 Rd8 24. b4 Nb7 25. Bg4 Rxd1+ 26. Qxd1 Ned8 27. Bc1 Bf8 28. h4 f6 29. Be3 Nd6 30. Nxd6 Bxd6 31. h5 Kg7 32. a5 bxa5 33. bxa5 Nb7 34. h6+ Kf8 35. a6 Nc5 36. Qe2 Qb6 37. Kg2 Qb1 38. Bxc5 Bxc5 39. Qc4 Bb6 40. Qxc6 Qa2 41. Qxf6+ Ke8 42. Qxe5+ Kd8 43. Qh8+ 1-0

[Event "Subotica-ch op"]
[Site "Subotica"]
[Date "2020.03.09"]
[Round "7"]
[White "Meszaros, Bela"]
[Black "Kecskemeti, Arpad"]
[Result "1/2-1/2"]
[WhiteElo "2199"]
[BlackElo "2234"]
[PlyCount "32"]
[EventDate "2020.02.24"]
[EventType "swiss"]
[EventRounds "9"]
[EventCountry "SRB"]
[SourceTitle "CBM 195 Extra"]
[Source "ChessBase"]
[SourceDate "2020.05.31"]
[SourceVersion "1"]
[SourceVersionDate "2020.05.31"]
[SourceQuality "1"]

1. e4 c5 2. Nf3 d6 3. Bb5+ Nd7 4. d4 cxd4 5. Qxd4 e5 6. Qd3 h6 7. c4 a6 8. Bxd7+ Bxd7 9. Nc3 Nf6 10. 0-0 Be7 11. b3 Qc7 12. Be3 Rc8 13. Rac1 Qb8 14. a4 0-0 15. Nh4 Rfe8 16. Nf5 Bf8 1/2-1/2

[Event "Subotica-ch op"]
[Site "Subotica"]
[Date "2020.02.28"]
[Round "3"]
[White "Kecskemeti, Arpad"]
[Black "Jovanovic, Milan B"]
[Result "1-0"]
[WhiteElo "2234"]
[BlackElo "2023"]
[PlyCount "53"]
[EventDate "2020.02.24"]
[EventType "swiss"]
[EventRounds "9"]
[EventCountry "SRB"]
[SourceTitle "CBM 195 Extra"]
[Source "ChessBase"]
[SourceDate "2020.05.31"]
[SourceVersion "1"]
[SourceVersionDate "2020.05.31"]
[SourceQuality "1"]

1. e4 c5 2. Nf3 Nc6 3. d4 cxd4 4. Nxd4 d6 5. Nc3 Nf6 6. f3 g6 7. Be3 Bg7 8. Qd2 0-0 9. g4 d5 10. g5 Nd7 11. exd5 Nxd4 12. Bxd4 Ne5 13. Be2 b5 14. f4 b4 15. fxe5 bxc3 16. Bxc3 Bb7 17. 0-0-0 e6 18. Bf3 exd5 19. h4 Qc7 20. Bxd5 Rfd8 21. Qg2 Bxd5 22. Rxd5 Qc4 23. Rhd1 Rdb8 24. Qf3 Qxa2 25. e6 Qa1+ 26. Kd2 Bxc3+ 27. bxc3 1-0

[Event "HUN-chT 1920"]
[Site "Hungary"]
[Date "2019.11.17"]
[Round "2.12"]
[White "Havanecz, Bianka"]
[Black "Kecskemeti, Arpad"]
[Result "1-0"]
[WhiteElo "2251"]
[BlackElo "2240"]
[PlyCount "77"]
[EventDate "2019.11.16"]
[EventType "team-tourn"]
[EventRounds "9"]
[EventCountry "HUN"]
[SourceTitle "CBM 193 Extra"]
[Source "ChessBase"]
[SourceDate "2020.01.31"]
[SourceVersion "1"]
[SourceVersionDate "2020.01.31"]
[SourceQuality "1"]
[WhiteTeam "Kobanya Aquarena"]
[BlackTeam "Mako Duocor"]
[WhiteTeamCountry "HUN"]
[BlackTeamCountry "HUN"]

1. Nf3 Nf6 2. g3 g6 3. b3 Bg7 4. Bb2 0-0 5. Bg2 d6 6. d4 Nbd7 7. h3 c6 8. 0-0 Re8 9. Nbd2 Qc7 10. a4 e5 11. dxe5 dxe5 12. e4 Bf8 13. Qe2 a5 14. Rfd1 b6 15. Nc4 Ba6 16. Nfd2 b5 17. axb5 cxb5 18. Ne3 Nc5 19. Qf3 Qb6 20. Nd5 Nxd5 21. exd5 Bg7 22. Qe3 f5 23. Kh2 b4 24. Ra2 Bb5 25. Nf3 Qd6 26. Rda1 a4 27. Rd1 f4 28. Qe1 e4 29. Nd4 Bd7 30. Qxb4 Be5 31. gxf4 Bxf4+ 32. Kh1 e3 33. Ne2 exf2 34. Nxf4 Re1+ 35. Rxe1 Qxf4 36. Qxf4 fxe1Q+ 37. Kh2 Rf8 38. Qd4 Qe7 39. d6 1-0

[Event "HUN-chT 1920"]
[Site "Hungary"]
[Date "2019.11.16"]
[Round "1.12"]
[White "Szamoskozi, Gabor"]
[Black "Kecskemeti, Arpad"]
[Result "1/2-1/2"]
[WhiteElo "2247"]
[BlackElo "2240"]
[PlyCount "83"]
[EventDate "2019.11.16"]
[EventType "team-tourn"]
[EventRounds "9"]
[EventCountry "HUN"]
[SourceTitle "CBM 193 Extra"]
[Source "ChessBase"]
[SourceDate "2020.01.31"]
[SourceVersion "1"]
[SourceVersionDate "2020.01.31"]
[SourceQuality "1"]
[WhiteTeam "Morihana"]
[BlackTeam "Mako Duocor"]
[WhiteTeamCountry "HUN"]
[BlackTeamCountry "HUN"]

1. e4 c5 2. Nf3 d6 3. d4 cxd4 4. Nxd4 Nf6 5. Nc3 a6 6. Be2 e5 7. Nb3 Be6 8. 0-0 Be7 9. f4 exf4 10. Bxf4 Nc6 11. Kh1 0-0 12. Nd4 Ne5 13. Nf5 Bxf5 14. exf5 Qb6 15. Rb1 Rac8 16. h3 Rfe8 17. Bf3 Nxf3 18. Qxf3 d5 19. Be5 d4 20. Qf2 Bc5 21. Na4 Ne4 22. Qf4 Qc6 23. Nxc5 Qxc5 24. Qxe4 Rxe5 25. Qxb7 Rxf5 26. c3 dxc3 27. bxc3 h6 28. Qxa6 Rxf1+ 29. Rxf1 Qxc3 30. a4 Re8 31. Qb5 Re1 32. Rxe1 Qxe1+ 33. Kh2 Qd2 34. Qb8+ Kh7 35. Qc7 f5 36. a5 f4 37. Qe5 g5 38. Qe4+ Kg7 39. a6 f3 40. Qxf3 Qd6+ 41. Qg3 Qxa6 42. Qc7+ 1/2-1/2

[Event "Paracin Summer op-A 12th"]
[Site "Paracin"]
[Date "2019.07.05"]
[Round "1"]
[White "Kecskemeti, Arpad"]
[Black "Ivanisevic, Ivan"]
[Result "0-1"]
[WhiteElo "2230"]
[BlackElo "2612"]
[PlyCount "95"]
[EventDate "2019.07.05"]
[EventType "swiss"]
[EventRounds "9"]
[EventCountry "SRB"]
[SourceTitle "CBM 191 Extra"]
[Source "ChessBase"]
[SourceDate "2019.09.30"]
[SourceVersion "1"]
[SourceVersionDate "2019.09.30"]
[SourceQuality "1"]

1. e4 c5 2. Nf3 e6 3. d4 cxd4 4. Nxd4 Nc6 5. Nc3 Qc7 6. Be3 a6 7. Bd3 Nf6 8. 0-0 h5 9. h3 b5 10. a3 Bb7 11. Qd2 Rc8 12. f4 Nxd4 13. Bxd4 Bc5 14. Qf2 h4 15. e5 Nh5 16. Bxc5 Qxc5 17. Be4 Qxf2+ 18. Rxf2 Bc6 19. Bxc6 Rxc6 20. Ne4 f5 21. Nd6+ Ke7 22. Rd1 g5 23. fxg5 Rg8 24. Rfd2 Rc7 25. c4 bxc4 26. Rd4 c3 27. bxc3 Rxg5 28. Nc4 f4 29. Kf2 Rb7 30. Nb6 Rxe5 31. Rxd7+ Rxd7 32. Rxd7+ Kf6 33. Rd6 Kf5 34. Nc4 Rc5 35. Nd2 Ng3 36. c4 Ra5 37. Rd3 Re5 38. Nf3 Re2+ 39. Kg1 e5 40. Nxh4+ Ke6 41. Rd1 Rc2 42. Re1 e4 43. Ng6 Kf5 44. Ne7+ Kg5 45. Rd1 f3 46. gxf3 exf3 47. Rd5+ Kf6 48. Ng8+ 0-1

[Event "HUN-chT2 Toth 1819"]
[Site "Hungary"]
[Date "2019.02.10"]
[Round "7.1"]
[White "Kecskemeti, Arpad"]
[Black "Keresztes, Richard"]
[Result "1-0"]
[WhiteElo "2193"]
[BlackElo "2236"]
[PlyCount "117"]
[EventDate "2018.09.23"]
[EventType "team-tourn"]
[EventRounds "11"]
[EventCountry "HUN"]
[SourceTitle "EXT 2021"]
[Source "ChessBase"]
[SourceDate "2020.10.23"]
[SourceVersion "1"]
[SourceVersionDate "2020.10.23"]
[SourceQuality "1"]
[WhiteTeam "Mako Duocor II"]
[BlackTeam "Kecskemet Takisz"]
[WhiteTeamCountry "HUN"]
[BlackTeamCountry "HUN"]

1. e4 Nc6 2. d4 e5 3. d5 Nce7 4. c4 Ng6 5. Be3 Nf6 6. f3 Bb4+ 7. Nd2 b6 8. Ne2 0-0 9. Qb3 Bc5 10. g4 Ne8 11. 0-0-0 a5 12. Bxc5 bxc5 13. h4 Qf6 14. g5 Qb6 15. h5 Ne7 16. Qc3 d6 17. f4 exf4 18. Nxf4 Rb8 19. Bh3 c6 20. Bxc8 Rxc8 21. Rdf1 Qb4 22. Qc2 Qb7 23. a3 Qd7 24. Qc3 cxd5 25. cxd5 Qa4 26. h6 Qd4 27. hxg7 Qxc3+ 28. bxc3 Nxg7 29. Nc4 Rfd8 30. Rh2 Ng6 31. Nxg6 hxg6 32. Rb2 Rc7 33. Rb6 Ne8 34. Ra6 Kg7 35. Rxa5 f6 36. gxf6+ Nxf6 37. e5 dxe5 38. d6 Rc6 39. Nxe5 Rdxd6 40. Nxc6 Rxc6 41. Ra7+ Kh6 42. a4 g5 43. a5 g4 44. a6 g3 45. Ra8 Kg7 46. Kc2 c4 47. a7 Ra6 48. Rxf6 Rxf6 49. Rg8+ Kxg8 50. a8Q+ Kg7 51. Kd2 Rg6 52. Qg2 Rg4 53. Ke2 Kg6 54. Kf1 Rf4+ 55. Kg1 Kf5 56. Qh3+ Rg4 57. Kg2 Kf4 58. Qh6+ Kf5 59. Qh5+ 1-0

[Event "Vojvodina-chT 2nd League"]
[Site "Novi Sad"]
[Date "2018.11.10"]
[Round "2.4"]
[White "Kecskemeti, Arpad"]
[Black "Kosanovic, Dragan"]
[Result "1/2-1/2"]
[WhiteElo "2195"]
[BlackElo "2329"]
[PlyCount "69"]
[EventDate "2018.11.09"]
[EventType "team-tourn"]
[EventRounds "11"]
[EventCountry "SRB"]
[SourceTitle "CBM 187 Extra"]
[Source "ChessBase"]
[SourceDate "2018.11.04"]
[SourceVersion "1"]
[SourceVersionDate "2018.11.04"]
[SourceQuality "1"]
[WhiteTeam "Backa Pacir"]
[BlackTeam "Cosic Opovo Bata"]
[WhiteTeamCountry "SRB"]
[BlackTeamCountry "SRB"]

1. e4 e6 2. d4 d5 3. Nc3 dxe4 4. Nxe4 Bd7 5. Nf3 Bc6 6. Bd3 Nd7 7. 0-0 Be7 8. Qe2 Ngf6 9. Ng3 Bxf3 10. Qxf3 c6 11. c3 Qc7 12. Re1 g6 13. Bh6 Bf8 14. Bf4 Bd6 15. Be5 Bxe5 16. dxe5 Nd5 17. c4 Nxe5 18. Rxe5 Qxe5 19. cxd5 cxd5 20. Bb5+ Kf8 21. Qe2 Qxe2 22. Nxe2 Rc8 23. Ba4 Kg7 24. f4 Rc5 25. Rb1 Rhc8 26. Kf2 Kf6 27. Ke3 Ke7 28. a3 f6 29. b4 R5c7 30. Bb3 Rd8 31. Rd1 Rcd7 32. Kd4 Kd6 33. Ke3 Ke7 34. Kd4 Kd6 35. Ke3 1/2-1/2